000
00367nam a2200157Ia 4500
008
100122s9999 xx 000 0 und d
082
_b
75282
_a
823.08
100
_a
गजेंद्रगडकर मोनिका
245
_a
भूप
250
_a
2
260
_c
2006
300
_a
152
630
_a
भूप
730
_a
भूप
942
_c
BOOK
999
_c
391406
_d
391403